Westward expansion : a history of the American frontier /

Bibliographic Details
Main Author: Billington, Ray Allen, 1903-1981
Other Authors: Hedges, James Blaine, 1894-1965
Format: Book
Language:English
Published: New York : Macmillan Co., 1949.
Subjects:

MARC

Tag First Indicator Second Indicator Subfields
LEADER 00000cam a2200000 4500
001 in00000708564
005 20151016055952.0
008 741114s1949 nyub b 00010 eng u
010 |a  49003099  
035 |a (OCoLC)01075098 
035 |9 ADC8720AM 
040 |c ITD  |d TXA  |d UtOrBLW 
049 |a TXAM  |c 1 [168600], 2 [A09014566] 
050 0 0 |a E179.5  |b .B63 
082 0 |a 973 
092 |a 973  |b B598w 
100 1 |a Billington, Ray Allen,  |d 1903-1981. 
245 1 0 |a Westward expansion :  |b a history of the American frontier /  |c by Ray Allen Billington with the collaboration of James Blaine Hedges. 
264 1 |a New York :  |b Macmillan Co.,  |c 1949. 
300 |a xiii, 873 pages :  |b maps. ;  |c 25 cm. 
336 |a text  |b txt  |2 rdacontent 
337 |a unmediated  |b n  |2 rdamedia 
338 |a volume  |b nc  |2 rdacarrier 
504 |a "Bibliographical note": pages 757-834. 
651 0 |a United States  |x Territorial expansion. 
651 0 |a United States  |x History. 
651 0 |a Mississippi River Valley  |x History  |y 1803-1865. 
700 1 |a Hedges, James Blaine,  |d 1894-1965. 
999 |a MARS 
999 f f |s d0895b0f-c44c-31d2-91c7-686f686068da  |i f6e662d6-5e95-354f-817f-6e78332bfb70  |t 0 
952 f f |p ric  |a Texas A&M University  |b Rellis Campus  |c Joint Library Facility  |d Remote Storage  |t 0  |e E179.5 B63  |h Library of Congress classification  |i unmediated -- volume  |m A14801513401 
998 f f |a E179.5 B63  |t 0  |l Remote Storage